English for teacher : A language development course
English for the Teacher is a course which enables teachers to improve their language ability for a number of purposes--using English in the classroom, making professional contacts, reading about the teaching of English and discussions with colleagues and students. As well as providing language pract...
Đã lưu trong:
| 主要作者: | |
|---|---|
| 格式: | 图书 |
| 语言: | Undetermined |
| 出版: |
Cambridge, UK
Cambridge University Press
1994
|
| 主题: | |
| 标签: |
添加标签
没有标签, 成为第一个标记此记录!
|
| Thư viện lưu trữ: | Trung tâm Học liệu Trường Đại học Cần Thơ |
|---|
| LEADER | 01246nam a2200229Ia 4500 | ||
|---|---|---|---|
| 001 | CTU_103115 | ||
| 008 | 210402s9999 xx 000 0 und d | ||
| 020 | |c 306000 | ||
| 082 | |a 428.007 | ||
| 082 | |b S767 | ||
| 100 | |a Spratt, Mary | ||
| 245 | 0 | |a English for teacher : | |
| 245 | 2 | |b A language development course | |
| 245 | 0 | |c Mary Spratt | |
| 260 | |a Cambridge, UK | ||
| 260 | |b Cambridge University Press | ||
| 260 | |c 1994 | ||
| 520 | |a English for the Teacher is a course which enables teachers to improve their language ability for a number of purposes--using English in the classroom, making professional contacts, reading about the teaching of English and discussions with colleagues and students. As well as providing language practice for the four skills, it also invites teachers to comment on the learning value of what they are doing and thus discuss and reflect on different ways of teaching and learning. In this way, it provides opportunities for more general professional development. | ||
| 650 | |a English language,English language,English teachers | ||
| 650 | |x Study and teaching,Foreign speaker,Textbooks for foreign speakers,Training of | ||
| 904 | |i Mai | ||
| 980 | |a Trung tâm Học liệu Trường Đại học Cần Thơ | ||